Состав ароматических углеводородов битумов Северной Хакасии; Известия Томского политехнического университета [Известия ТПУ]; Т. 321, № 3 : Химия

Dades bibliogràfiques
Parent link:Известия Томского политехнического университета [Известия ТПУ]/ Томский политехнический университет (ТПУ).— , 2000-
Т. 321, № 3 : Химия.— 2012.— [С. 166-170]
Autor principal: Серебренникова О. В. Ольга Викторовна
Altres autors: Ву Ван Хай, Ахмедова А. Р. Александра Расимовна
Sumari:Заглавие с титульного листа
Электронная версия печатной публикации
Изучен состав ароматических углеводородов вязкого и твердых природных битумов, залегающих в толщах базальтов на севере Хакасии. Во всех битумах идентифицированы би-, три- и тетрациклические конденсированные ароматические структуры. В твердых битумах, наряду с ними, - пентациклические, а также полифенилы (до пяти фенильных колец) и фенилзамещенные нафталины, фенантрены и пирены. Моноарены в твердых битумах представлены преимущественно метилалкилбензолами, в вязком битуме - арилизопреноидами. На состав ароматических углеводородов твердых битумов значительное влияние оказали процессы пиролиза при контакте с расплавленной магмой, а вязкого битума - специфические условия накопления исходного органического вещества.
Idioma:rus
Publicat: 2012
Col·lecció:Химия
Matèries:
Accés en línia:http://earchive.tpu.ru/bitstream/11683/4430/1/bulletin_tpu-2012-321-3-36.pdf
Format: Electrònic Capítol de llibre
KOHA link:https://koha.lib.tpu.ru/cgi-bin/koha/opac-detail.pl?biblionumber=228032

MARC

LEADER 00000nla2a2200000 4500
001 228032
005 20231031201417.0
035 |a (RuTPU)RU\TPU\book\248482 
035 |a RU\TPU\book\248480 
090 |a 228032 
100 |a 20121213d2012 k y0rusy50 ca 
101 0 |a rus 
102 |a RU 
135 |a drnn ---uucaa 
181 0 |a i  
182 0 |a b 
200 1 |a Состав ароматических углеводородов битумов Северной Хакасии  |b Электронный ресурс  |f О. В. Серебренникова, Ву Ван Хай, А. Р. Ахмедова 
203 |a Текст  |c электронный 
215 |a 1 файл (564 Кб) 
225 1 |a Химия 
230 |a Электронные текстовые данные (1 файл : 564 Кб) 
300 |a Заглавие с титульного листа 
300 |a Электронная версия печатной публикации 
320 |a [Библиогр.: с. 170 (10 назв.)] 
330 |a Изучен состав ароматических углеводородов вязкого и твердых природных битумов, залегающих в толщах базальтов на севере Хакасии. Во всех битумах идентифицированы би-, три- и тетрациклические конденсированные ароматические структуры. В твердых битумах, наряду с ними, - пентациклические, а также полифенилы (до пяти фенильных колец) и фенилзамещенные нафталины, фенантрены и пирены. Моноарены в твердых битумах представлены преимущественно метилалкилбензолами, в вязком битуме - арилизопреноидами. На состав ароматических углеводородов твердых битумов значительное влияние оказали процессы пиролиза при контакте с расплавленной магмой, а вязкого битума - специфические условия накопления исходного органического вещества. 
337 |a Adobe Reader 
461 1 |0 (RuTPU)RU\TPU\book\176237  |t Известия Томского политехнического университета [Известия ТПУ]  |f Томский политехнический университет (ТПУ)  |d 2000- 
463 1 |0 (RuTPU)RU\TPU\book\247844  |x 1684-8519  |t Т. 321, № 3 : Химия  |v [С. 166-170]  |d 2012  |p 210 с. 
610 1 |a битумы 
610 1 |a базальты 
610 1 |a алкилбензолы 
610 1 |a конденсированные полиароматические структуры 
610 1 |a полифенилы 
610 1 |a фенилнафталины 
610 1 |a фенилфенантрены 
610 1 |a фенилпирены 
610 1 |a труды учёных ТПУ 
610 1 |a электронный ресурс 
700 1 |a Серебренникова  |b О. В.  |c геохимик  |c профессор Томского политехнического университета, доктор химических наук  |f 1949-  |g Ольга Викторовна  |2 stltpush  |3 (RuTPU)RU\TPU\pers\27924 
701 0 |a Ву Ван Хай  |c вьетнамский геохимик  |c аспирант Томского политехнического университета  |f 1985-  |2 stltpush  |3 (RuTPU)RU\TPU\pers\29349 
701 1 |a Ахмедова  |b А. Р.  |g Александра Расимовна 
801 1 |a RU  |b 63413507  |c 20090623  |g PSBO 
801 2 |a RU  |b 63413507  |c 20220114  |g PSBO 
856 4 |u http://earchive.tpu.ru/bitstream/11683/4430/1/bulletin_tpu-2012-321-3-36.pdf 
942 |c CF